[Event "Rostock SSC op 16th"]
[Site "Rostock"]
[Date "2017.07.26"]
[Round "1"]
[White "Jackisch, Johannes"]
[Black "Moeckel, Jens"]
[Result "0-1"]
[WhiteElo "1616"]
[BlackElo "1944"]
[PlyCount "104"]
[EventDate "2017.07.26"]
[EventType "swiss"]
[EventRounds "7"]
[EventCountry "GER"]
[SourceTitle "EXT 2018"]
[Source "ChessBase"]
[SourceDate "2017.10.13"]
[SourceVersion "1"]
[SourceVersionDate "2017.10.13"]
[SourceQuality "1"]

1. d4 g6 2. c4 Bg7 3. Nf3 d6 4. e4 Bg4 5. Be2 Nc6 6. Be3 Bxf3 7. Bxf3 e5 8. d5 Nd4 9. Qa4+ Qd7 10. Qxd7+ Kxd7 11. Bxd4 exd4 12. Nd2 Re8 13. 0-0 Nf6 14. Rad1 c5 15. dxc6+ bxc6 16. b4 c5 17. b5 Re7 18. Rfe1 Bh6 19. Kf1 Rhe8 20. e5 Bxd2 21. Rxd2 Kd8 22. Bc6 Nd7 23. Bxd7 Kxd7 24. f4 f6 25. e6+ Rxe6 26. Rxe6 Rxe6 27. Re2 Rxe2 28. Kxe2 Kc7 29. Kd3 f5 30. h4 Kb6 31. Kc2 Ka5 32. Kb3 h6 33. Ka3 d3 34. Kb3 d2 35. Kc2 d1Q+ 36. Kxd1 Kb4 37. g4 Kxc4 38. h5 gxh5 39. g5 hxg5 40. fxg5 Kd5 41. Ke2 c4 42. a4 h4 43. a5 h3 44. g6 h2 45. g7 h1Q 46. g8Q+ Kc5 47. Qb8 Qe4+ 48. Kf2 Qd4+ 49. Ke2 Qb2+ 50. Ke3 Qa3+ 51. Kf4 Qxa5 52. Kxf5 Qb6 0-1